[Event "ROU-chT Men Superliga 2018"]
[Site "Sovata"]
[Date "2018.11.27"]
[Round "4"]
[White "Vedmediuc, Serghei"]
[Black "Gheorghiu, Calin"]
[Result "0-1"]
[WhiteElo "2472"]
[BlackElo "2278"]
[Annotator "TA"]
[PlyCount "142"]
[EventDate "2018.11.24"]
[EventType "team-tourn"]
[EventCountry "ROU"]
[SourceTitle "playchess.com"]
[Source "ChessBase"]
[SourceQuality "1"]

{[%evp 27,142,34,45,12,28,6,14,17,10,16,10,19,13,0,0,0,0,0,22,0,0,0,-5,-58,-58,-59,-3,-67,-72,-73,-70,-64,-37,-244,-233,-390,-387,-385,-372,-385,-377,-361,-362,-407,-407,-408,-395,-389,-382,-382,-382,-382,-382,-366,-330,-330,-330,-377,-283,-1787,-676,-1413,-1177,-1757,-1816,-1779,-1793,-1080,-676,-1350,-248,-1825,-590,-1751,-1821,-2421,-1833,-1782,-1143,-844,-248,-248,-248,-248,-248,-29969,-29970,-29970,-29971,-29971,-1764,-1757,-1737,-1681,-1649,-1460,0,-29971,-29969,-29962,-225,-225,-225,-225,-225,-1143,-225,-222,-158,-5122,-5122,-29973,-29974,-29973,-29972,-29977,-29978]} 1. d4 Nf6 2. c4 e6 3. Nf3 d5 4. Nc3 Nbd7 5. cxd5 exd5 6. Bf4 c6 7. h3 Be7 8. e3 O-O 9. Bd3 Re8 10. O-O Nf8 11. Rb1 Ng6 12. Bh2 Bd6 13. Bxd6 Qxd6 14. Qc2 Qe7 {[#] LiveBook: 12 Games} 15. Rfe1 $146 {D35: Queen's Gambit Declined: Exchange Variation} ({Predecessor:} 15. b4 a6 16. Na4 Ne4 17. Nb6 Rb8 18. a4 Bf5 19. b5 axb5 20. axb5 Nh4 21. Nxh4 Qxh4 22. f3 Ng3 23. Bxf5 Nxf1 24. Kxf1 Rxe3 25. bxc6 bxc6 26. Nxd5 Rxb1+ 27. Qxb1 {½-½ (55) Aleksandrov,A (2637)-Demidov,M (2465) Izhevsk 2013}) 15... Ne4 16. Bxe4 dxe4 17. Nd2 {[%cal Rd2e4] The position is equal.} f5 $1 18. b4 a6 19. a4 Be6 20. b5 axb5 21. axb5 c5 22. Nb3 b6 23. Ra1 Qf7 $36 {[%mdl 2048] Black fights for an advantage.} 24. Rxa8 Rxa8 25. Rb1 (25. Nxc5 $1 $11 bxc5 26. dxc5) 25... Bxb3 $15 26. Qxb3 cxd4 ({Black should try} 26... Qxb3 $15 27. Rxb3 cxd4 28. exd4 Nf4) 27. exd4 ({White should play} 27. Qd5 $1 $11 Qxd5 28. Nxd5) 27... Qxb3 28. Rxb3 {[%mdl 4096] Endgame KRN-KRN} Nf4 29. Kh2 Kf7 30. f3 $2 {[#]} (30. g3 $15 Ne6 31. Rb4) 30... e3 $1 $19 {[%cal Be4e3,Be3e2][%mdl 32]} 31. Kg3 $2 (31. Rb2) 31... e2 32. Rb1 g5 33. Re1 Rc8 34. Nxe2 Re8 35. Nxf4 Rxe1 {KR-KN} 36. Nd5 Re6 37. Nc3 Re3 38. Nd5 Rd3 39. Nxb6 Rxd4 40. Nc8 Ke6 41. Na7 Rd2 42. h4 h6 {[%cal Bh7h6,Bh6g5][%mdl 32]} 43. hxg5 $2 (43. Nc6 Rb2 44. hxg5 hxg5 45. Kh3) 43... hxg5 44. Nc6 Rb2 45. Kh3 Kf6 46. Na7 Rb3 47. Kg3 Kg6 48. Kh2 Kh5 $2 (48... f4 49. Nc8 Rxb5) 49. Kg3 $2 (49. Nc6) 49... Rb1 (49... f4+ $142 50. Kh2 g4 51. fxg4+ Kxg4) 50. Kh2 f4 51. Nc8 Rxb5 52. Nd6 Rb2 53. Ne4 Rb3 $2 (53... Kg6 54. Kh3 Re2) 54. Nf6+ Kg6 55. Ng4 Rb8 56. g3 $2 (56. Kg1 $19) 56... Rb2+ 57. Kh3 Re2 58. Nh2 Kf5 (58... Kf6 $142 59. Ng4+ Kg6 60. Nh2 Re8 61. Kg2 Re2+ 62. Kh3) 59. Ng4 Re8 60. Nh6+ Kg6 61. Ng4 Re2 (61... Rh8+ $19 62. Kg2 Kf5) 62. Nh2 $1 Kf6 63. Ng4+ Ke6 $2 (63... Kg7 {mates} 64. gxf4 gxf4 65. Kh4 Kg6 66. Kh3 Kf5 67. Kh4 Re1 68. Kh3 Rg1 69. Nh6+ Ke6 70. Kh4 Kf6 71. Ng4+ Kf5 72. Nh6+ Kg6 73. Ng8 Re1 74. Kg4 Re8 {[%mdl 64] Trapped Piece} 75. Kxf4 Rxg8 76. Ke4 Rc8 77. Ke5 Re8+ 78. Kd5 Kf5 79. Kd4 Rc8 80. Kd5 Kf4 81. Kd6 Kxf3 82. Kd7 Rc1 83. Ke6 Rd1 84. Ke5 Rd3 85. Kf6 Kf4 86. Ke6 Rd4 87. Kf6 Re4 88. Kg6 Re6+ 89. Kg7 Kg5 90. Kf7 Re5 91. Kg7 Rf5 92. Kh8 Kh6 93. Kg8 Kg6 94. Kh8 Rf8#) 64. Nh6 {White hopes to continue with gxf4.} Re1 {Threatens to win with ...Rh1+.} 65. Kg2 Ra1 66. Ng4 $2 (66. g4) 66... Kd5 $2 (66... Kf5 67. Nf2 Ra2) 67. Nf6+ Kd4 {...Ra6 is the strong threat.} 68. Nh7 $2 (68. Kh3 $17) 68... Ra5 69. Nf6 Ke3 {Black mates.} 70. Ng4+ {[#]} Ke2 $1 71. Nf6 Ra3 {Accuracy: White = 33%, Black = 65%.} 0-1

[Event "ROU-chT Men Superliga 2018"]
[Site "Sovata"]
[Date "2018.11.27"]
[Round "4"]
[White "Miron, Lucian-Costin"]
[Black "Vavric, Pavel"]
[Result "1-0"]
[WhiteElo "2465"]
[BlackElo "2351"]
[Annotator "ChessBase"]
[PlyCount "107"]
[EventDate "2018.11.24"]
[EventType "team-tourn"]
[EventCountry "ROU"]
[SourceTitle "playchess.com"]
[Source "ChessBase"]
[SourceQuality "1"]
[TimeControl "40/5400+30:1800+30"]

1. d4 {[%emt 0:10:05]} Nf6 {[%emt 0:00:00]} 2. c4 {[%emt 0:00:02]} b6 {[%emt 0:00:31]} 3. Nc3 {[%emt 0:07:41]} Bb7 {[%emt 0:00:23]} 4. d5 {[%emt 0:02:28]} e6 {[%emt 0:01:21]} 5. a3 {[%emt 0:01:16]} Bd6 {[%emt 0:24:19]} 6. Nf3 {[%emt 0:11:50]} O-O {[%emt 0:01:35]} 7. g3 {[%emt 0:00:21]} c6 {[%emt 0:04:01]} 8. Bg2 {[%emt 0:01:29]} Na6 {[%emt 0:06:21]} 9. O-O {[%emt 0:04:44]} cxd5 {[%emt 0:01:29]} 10. cxd5 {[%emt 0:04:00]} Nxd5 {[%emt 0:05:30]} 11. Nxd5 {[%emt 0:08:01]} exd5 {[%emt 0:00:06]} 12. b4 {[%emt 0:06:01]} Re8 {[%emt 0:07:18]} 13. Bb2 {[%emt 0:01:50]} Rc8 {[%emt 0:01:27]} 14. e3 {[%emt 0:04:49]} Nc7 {[%emt 0:05:18]} 15. Qd2 {[%emt 0:06:13]} Be7 {[%emt 0:05:56]} 16. Nd4 {[%emt 0:02:54]} Bf6 {[%emt 0:00:55]} 17. Rfc1 {[%emt 0:01:23]} Bxd4 {[%emt 0:15:18]} 18. Qxd4 {[%emt 0:04:09]} Ne6 {[%emt 0:00:50]} 19. Qd3 {[%emt 0:01:35]} Qg5 {[%emt 0:01:02]} 20. Rd1 {[%emt 0:03:40]} Qg6 {[%emt 0:02:27]} 21. Qxg6 {[%emt 0:03:53]} hxg6 {[%emt 0:00:05]} 22. Bxd5 {[%emt 0:01:01]} Bxd5 {[%emt 0:00:06]} 23. Rxd5 {[%emt 0:00:05]} Rc2 {[%emt 0:00:20]} 24. Rb1 {[%emt 0:05:07]} Rd8 {[%emt 0:01:48]} 25. h4 {[%emt 0:00:45]} Kf8 {[%emt 0:00:35]} 26. Be5 {[%emt 0:01:23]} f6 {[%emt 0:01:17]} 27. Bd6+ {[%emt 0:00:26]} Ke8 {[%emt 0:00:07]} 28. Rbd1 {[%emt 0:03:10]} Rdc8 {[%emt 0:01:42]} 29. R1d3 {[%emt 0:00:59]} Re2 {[%emt 0:04:51]} 30. g4 {[%emt 0:00:06]} Rc4 {[%emt 0:00:52]} 31. Bg3 {[%emt 0:00:03]} Nf8 {[%emt 0:00:22]} 32. Kg2 {[%emt 0:00:25]} Rec2 {[%emt 0:00:51]} 33. Kf3 {[%emt 0:00:45]} R2c3 {[%emt 0:00:14]} 34. Bb8 {[%emt 0:00:32]} a6 {[%emt 0:02:10]} 35. Ba7 {[%emt 0:01:32]} Rxd3 {[%emt 0:00:46]} 36. Rxd3 {[%emt 0:00:03]} Rc6 {[%emt 0:00:29]} 37. a4 {[%emt 0:01:31]} Kd8 {[%emt 0:01:57]} 38. b5 {[%emt 0:00:58]} axb5 {[%emt 0:01:48]} 39. axb5 {[%emt 0:00:02]} Re6 {[%emt 0:00:14]} 40. Bb8 {[%emt 0:00:00]} f5 {[%emt 0:00:00]} 41. g5 {[%emt 0:10:23]} Re4 {[%emt 0:06:01]} 42. Bg3 {[%emt 0:00:10]} Re6 {[%emt 0:11:41]} 43. Rc3 {[%emt 0:11:24]} d5 {[%emt 0:03:17]} 44. Rd3 {[%emt 0:00:36]} Nd7 {[%emt 0:00:07]} 45. Rxd5 {[%emt 0:00:05]} Ke7 {[%emt 0:00:04]} 46. Rd4 {[%emt 0:05:09]} Nc5 {[%emt 0:03:15]} 47. Bc7 {[%emt 0:00:02]} Ne4 {[%emt 0:00:33]} 48. Rd3 {[%emt 0:02:00]} Ke8 {[%emt 0:01:20]} 49. Rd8+ {[%emt 0:02:03]} Kf7 {[%emt 0:02:10]} 50. Rd7+ {[%emt 0:00:25]} Kf8 {[%emt 0:01:34]} 51. Rd3 {[%emt 0:00:22]} Ke8 {[%emt 0:00:21]} 52. Kg2 {[%emt 0:01:17]} Re7 {[%emt 0:02:14]} 53. Rd8+ {[%emt 0:00:46]} Kf7 {[%emt 0:00:06]} 54. Bxb6 {[%emt 0:00:02]} 1-0

[Event "ROU-chT Men Superliga 2018"]
[Site "Sovata"]
[Date "2018.11.27"]
[Round "4"]
[White "Ionescu, Constantin"]
[Black "Rogozenco, Dorian"]
[Result "1/2-1/2"]
[WhiteElo "2432"]
[BlackElo "2495"]
[Annotator "TA"]
[PlyCount "142"]
[EventDate "2018.11.24"]
[EventType "team-tourn"]
[EventCountry "ROU"]
[SourceTitle "playchess.com"]
[Source "ChessBase"]
[SourceQuality "1"]

{[%evp 14,142,37,15,27,29,20,15,25,22,22,16,24,11,7,15,21,21,28,7,22,0,0,16,35,25,37,0,0,0,0,0,0,0,0,0,0,0,0,0,0,0,0,0,24,10,24,24,24,24,29,26,123,112,146,164,147,155,154,159,164,135,259,262,247,255,251,241,336,337,315,256,243,230,232,238,256,248,243,235,235,232,245,255,252,254,383,383,375,349,352,387,364,373,369,363,420,423,409,413,435,413,452,446,462,415,413,412,379,377,679,616,616,616,616,616,616,100,1542,64,64,63,63,63,63,63,63,63,63,63,63]} 1. d4 d5 2. Nf3 Nf6 3. c4 c6 4. Qc2 g6 5. Bf4 Bg7 6. e3 O-O 7. Nc3 Na6 8. Be2 Bf5 {D93: Grünfeld: 4 Nf3 Bg7 5 Bf4 0-0 6 e3} 9. Qb3 Qb6 10. O-O (10. Qxb6 axb6 11. cxd5 Nxd5 12. Nxd5 cxd5 13. Kd2 Rfc8 14. Rhc1 Nc5 15. Ke1 Na4 16. b3 {0-1 (60) Postny,E (2569)-Saric,I (2662) Mali Losinj 2017}) 10... dxc4 {The position is equal.} 11. Bxc4 Qxb3 12. Bxb3 Nb4 13. Ne5 Nbd5 14. Nxd5 Nxd5 $146 ({Predecessor:} 14... cxd5 15. h3 {½-½ (22) Spassov,L (2421)-Galunov,T (2364) Kula 2010}) 15. Bg3 Rac8 16. Rac1 Nb4 17. Rc3 Nd5 18. Rc5 Nc7 19. Rfc1 Be6 20. Bxe6 (20. Bc4 {keeps more tension.} Rfd8 21. Be2 Bh6 22. Rd1 Bg7 23. Nd3) 20... Nxe6 21. R5c4 Bxe5 22. Bxe5 Rcd8 23. Ra4 a6 24. Rb4 Rd7 25. Rb6 f6 26. Bg3 Kf7 27. h3 Ra8 28. Kf1 Nd8 29. Ke2 Ke8 30. Rc3 Rd5 31. a4 Kd7 32. Rc4 Ra5 (32... Ke8 $11) 33. e4 $16 f5 34. f3 fxe4 35. fxe4 Rh5 36. Kf3 Kc8 37. b4 e5 (37... Kd7 $16) 38. Bxe5 $18 Rxe5 39. dxe5 {[%mdl 4096] Endgame KRR-KRN} Kc7 40. a5 Ne6 41. Ke3 Nf8 42. e6 Nxe6 43. b5 axb5 44. Rxb5 Kc8 45. h4 Ra7 46. h5 Kd7 47. Rb2 gxh5 48. Ra4 Nc5 49. Ra1 b5 (49... Kd6 {was worth a try.} 50. Rf2 Nb3) 50. Rd1+ Ke7 51. Rc2 Ne6 52. Rxc6 Rxa5 53. g3 b4 54. Rb6 Ra3+ 55. Rd3 Ra4 56. Rb3 Nc5 57. R6xb4 Ra1 58. Rc3 Re1+ 59. Kd4 Nxe4 60. Rc7+ Ke6 61. Rb6+ Kf5 $2 {[#]} (61... Nd6 62. Rxh7 Rd1+ 63. Ke3 Kf5) 62. Rb5+ Kg4 63. Rg7+ Kf3 64. Rf5+ Kg2 65. Re5 Nd6 $2 {[%mdl 8192]} (65... Nd2 $16 66. Rxh5 Nf1) 66. Rxh5 $2 (66. Rxe1 $18 Nf5+ 67. Ke5 Nxg7 68. Kf4) 66... Ne8 {White is slightly better.} 67. Rgxh7 {[#] aiming for Re5.} Nf6 68. Rh2+ Kxg3 69. R7h3+ Kg4 70. Rh8 Re4+ 71. Kd3 Kf5 {Accuracy: White = 76%, Black = 45%.} 1/2-1/2

[Event "ROU-chT Men Superliga 2018"]
[Site "Sovata"]
[Date "2018.11.27"]
[Round "4"]
[White "Cioara, Andrei-Nestor"]
[Black "Patrascu, Catalin-Lucian"]
[Result "1-0"]
[WhiteElo "2427"]
[BlackElo "2268"]
[Annotator "TA"]
[PlyCount "79"]
[EventDate "2018.11.24"]
[EventType "team-tourn"]
[EventCountry "ROU"]
[SourceTitle "playchess.com"]
[Source "ChessBase"]
[SourceQuality "1"]

{[%evp 22,79,38,15,23,19,32,17,64,66,52,53,50,47,80,76,100,99,139,82,106,114,115,101,123,97,96,86,86,87,112,105,109,108,113,101,108,77,110,111,181,162,260,253,247,247,356,351,349,352,389,377,386,370,375,375,393,375,789,768]} 1. e4 c5 2. Nf3 Nc6 3. d4 cxd4 4. Nxd4 g6 5. Nc3 Bg7 6. Nde2 Nf6 7. g3 O-O 8. Bg2 d6 9. O-O Bd7 10. h3 Rc8 11. a4 a6 {B70: Sicilian Dragon: 6 g3 and 6 Be2 (without a later Be3)} 12. Nd5 {LiveBook: 12 Games} Ne5 {[%cal Bc6e5,Be5d7,Bd7c5,Bc5e4,Be4g5][%mdl 32]} (12... b5 13. axb5 axb5 14. Bg5 Nxd5 15. exd5 Na5 16. Ra2 h6 17. Be3 e5 18. dxe6 Bxe6 19. b3 {1-0 (44) Rapport,R (2707)-Andriasian,Z (2585) Riadh 2017}) 13. Ra2 Re8 {The position is equal.} 14. b3 {[%cal Bb2b3,Bb3b4][%mdl 32]} Bc6 15. Be3 $146 ({Predecessor:} 15. Nd4 e6 16. Nxf6+ Bxf6 17. f4 Nd7 18. Nxc6 Rxc6 19. e5 dxe5 20. Bxc6 {0-1 (51) Leiro Giralt,D-Gonell Aparici,R Barcelona 1996}) 15... Ned7 16. c4 Nc5 17. b4 $36 {[%mdl 2048] White has the initiative.} Ncxe4 18. Nb6 Rb8 {[#]} 19. f3 $1 Bh6 {[#]} 20. Qd3 (20. Qb3 $142 $1) 20... Ng5 21. b5 axb5 22. axb5 Bd7 23. Nxd7 Nxd7 24. Qd2 Ne5 25. Bxg5 Qb6+ 26. Kh2 Nxc4 27. Qc1 Bxg5 28. Qxg5 Rbc8 29. Nc3 Ne3 30. Rc1 {aiming for Re2.} Qd4 (30... Qc5 $16 {keeps fighting.} 31. Qxc5 Rxc5) 31. Ne2 $18 Qb6 (31... Qe5 $142 32. Qxe5 dxe5) 32. Rxc8 {[%mdl 64] Overworked Piece} Rxc8 33. Qxe7 Nxg2 (33... Nf5 $142 34. Qf6 Qf2) 34. Kxg2 Qxb5 35. Qxd6 Re8 36. Qd2 Qe5 37. Rb2 b5 38. Qd4 Qf5 39. Nc3 Re1 $2 (39... h5 40. Nxb5 Qe5 41. Qxe5 Rxe5) 40. Ne4 {Accuracy: White = 89%, Black = 38%.} 1-0

[Event "ROU-chT Men Superliga 2018"]
[Site "Sovata"]
[Date "2018.11.27"]
[Round "4"]
[White "Baltag, Iulian"]
[Black "Grigore, George-Gabriel"]
[Result "1/2-1/2"]
[WhiteElo "2414"]
[BlackElo "2488"]
[Annotator "RC"]
[PlyCount "55"]
[EventDate "2018.11.24"]
[EventType "team-tourn"]
[EventCountry "ROU"]
[SourceTitle "playchess.com"]
[Source "ChessBase"]
[SourceQuality "1"]
[TimeControl "40/5400+30:1800+30"]

1. d4 {[%emt 0:02:09]} Nf6 {[%emt 0:00:00]} 2. Nf3 {[%emt 0:00:03]} g6 {[%emt 0:00:00]} 3. g3 {[%emt 0:00:03]} Bg7 {[%emt 0:00:10]} 4. Bg2 {[%emt 0:00:05]} O-O {[%emt 0:00:36]} 5. O-O {[%emt 0:00:02]} d6 {[%emt 0:00:10]} 6. b3 {[%emt 0:00:08]} c5 {[%emt 0:06:33]} 7. Bb2 {[%emt 0:02:06]} cxd4 {[%emt 0:00:28]} 8. Nxd4 {[%emt 0:00:05]} d5 {[%emt 0:00:15]} 9. Na3 {[%emt 0:00:12]} e5 {[%emt 0:08:14]} 10. Nf3 {[%emt 0:00:13]} e4 {[%emt 0:00:12]} 11. Nd4 {[%emt 0:00:04]} a6 {[%emt 0:03:46]} 12. c4 {[%emt 0:00:40]} dxc4 {[%emt 0:05:42]} 13. Nxc4 {[%emt 0:00:58]} b5 {[%emt 0:02:05]} 14. Ne3 {[%emt 0:00:30]} Ra7 {[%emt 0:01:14]} 15. Qb1 {[%emt 0:04:47]} Re8 {[%emt 0:03:20]} 16. Rd1 {[%emt 0:00:39]} Qb6 {[%emt 0:03:53]} 17. a4 {[%emt 0:04:28]} Rd7 {[%emt 0:14:58]} 18. axb5 {[%emt 0:05:48]} axb5 {[%emt 0:00:31]} 19. Qa2 {[%emt 0:11:16]} Nd5 {[%emt 0:17:31]} 20. Nxd5 {[%emt 0:05:35]} Rxd5 {[%emt 0:00:20]} 21. Nc2 {[%emt 0:00:42]} Rxd1+ {[%emt 0:02:45]} 22. Rxd1 {[%emt 0:00:24]} Nd7 {[%emt 0:05:13]} 23. Bxg7 {[%emt 0:00:22]} Kxg7 {[%emt 0:00:07]} 24. Ne3 {[%emt 0:00:47]} Nf6 {[%emt 0:01:12]} 25. Qb2 {[%emt 0:01:10]} Kg8 {[%emt 0:00:42]} 26. Rd4 {[%emt 0:03:01]} Qc5 {[%emt 0:05:57]} 27. Rd1 {[%emt 0:01:48]} Qb6 {[%emt 0:00:56]} 28. h3 {[%emt 0:09:14]} 1/2-1/2

[Event "ROU-chT Men Superliga 2018"]
[Site "Sovata"]
[Date "2018.11.27"]
[Round "4"]
[White "Moldovan, Daniel"]
[Black "Popescu, Daniel-Vasilica"]
[Result "1-0"]
[WhiteElo "2406"]
[BlackElo "2131"]
[Annotator "NA"]
[PlyCount "77"]
[EventDate "2018.11.24"]
[EventType "team-tourn"]
[EventCountry "ROU"]
[SourceTitle "playchess.com"]
[Source "ChessBase"]
[SourceQuality "1"]
[TimeControl "40/5400+30:1800+30"]

1. e4 {[%emt 0:00:00]} c5 {[%emt 0:00:00]} 2. Nf3 {[%emt 0:00:00]} e6 {[%emt 0:00:01]} 3. d4 {[%emt 0:00:00]} cxd4 {[%emt 0:00:08]} 4. Nxd4 {[%emt 0:00:00]} Nf6 {[%emt 0:00:07]} 5. Nc3 {[%emt 0:00:00]} Nc6 {[%emt 0:00:05]} 6. a3 {[%emt 0:00:29]} a6 {[%emt 0:00:46]} 7. Nxc6 {[%emt 0:04:14] B46: Sicilian: Taimanov: 5 Nc3 a6} (7. Be2 Qc7 8. Be3 Be7 9. f4 d6 10. O-O O-O 11. Qe1 Nxd4 12. Bxd4 e5 13. fxe5 dxe5 14. Qg3 Bc5 15. Bxc5 Qxc5+ 16. Kh1 Kh8 17. Qh4 Rg8 18. Rxf6 gxf6 19. Qxf6+ Rg7 20. Qd8+ Rg8 21. Qf6+ Rg7 22. Qd8+ {½-½ (22) Karapchanska,S (2505)-Iotov,V (2518) ICCF email 2010}) 7... bxc6 {[%emt 0:00:51]} 8. e5 {[%emt 0:00:06]} Nd5 {[%emt 0:00:04]} 9. Ne4 {[%emt 0:00:06]} Qc7 {[%emt 0:03:05]} 10. Qh5 $146 {[%emt 0:01:18]} ({Predecessor:} 10. f4 c5 11. c4 Nb6 12. Nd6+ Bxd6 13. exd6 Qc6 14. Be2 Qe4 {½-½ (51) Gelbenegger,P (2055)-Kokol,P (2367) St Veit 2016}) 10... g6 {[%emt 0:10:30]} 11. Qg5 {[%emt 0:00:03]} Be7 {[%emt 0:13:34]} 12. Qg3 {[%emt 0:00:04]} f5 {[%emt 0:15:53] [#]} (12... Qb6 $16) 13. Nd6+ $1 {[%emt 0:03:58]} Bxd6 {[%emt 0:01:24]} 14. exd6 {[%emt 0:00:02]} Qd8 {[%emt 0:01:47]} 15. c4 {[%emt 0:00:24]} Nf6 {[%emt 0:00:46]} 16. Qe5 {[%emt 0:05:49]} O-O {[%emt 0:04:13]} 17. f3 {[%emt 0:00:25]} Ne8 {[%emt 0:00:38]} 18. Bd2 {[%emt 0:02:31]} Qf6 {[%emt 0:01:57]} 19. Qxf6 {[%emt 0:03:06]} Nxf6 {[%emt 0:01:23]} 20. O-O-O {[%emt 0:01:39]} a5 {[%emt 0:00:57]} 21. a4 {[%emt 0:00:05]} Ba6 {[%emt 0:01:51]} 22. Bc3 {[%emt 0:01:51]} Kf7 {[%emt 0:01:56]} 23. Bd3 {[%emt 0:02:53]} Rfb8 {[%emt 0:09:04]} 24. Rhe1 {[%emt 0:08:13]} Ne8 {[%emt 0:00:55]} 25. Bf1 {[%emt 0:02:37]} c5 {[%emt 0:10:06]} 26. Rd2 {[%emt 0:20:36]} Bb7 {[%emt 0:01:46]} 27. b3 {[%emt 0:05:16]} Ra6 {[%emt 0:02:23]} 28. Be5 {[%emt 0:00:08]} Rb6 {[%emt 0:01:22]} 29. Kc2 {[%emt 0:00:43]} Bc6 {[%emt 0:02:50]} 30. Re3 {[%emt 0:00:01]} Rb4 {[%emt 0:05:22]} 31. Be2 {[%emt 0:00:21]} Nf6 {[%emt 0:00:33]} 32. Bd1 {[%emt 0:05:42]} Ng8 {[%emt 0:03:48] [#]} (32... R4b6 $142) 33. Kc1 $16 {[%emt 0:00:36]} Bxa4 {[%emt 0:05:26]} 34. bxa4 {[%emt 0:00:13]} Rxc4+ {[%emt 0:00:07]} 35. Rc3 {[%emt 0:01:18]} Rbb4 {[%emt 0:00:26]} 36. Rxc4 {[%emt 0:02:59]} Rxc4+ {[%emt 0:00:07]} 37. Rc2 {[%emt 0:01:58]} Rxa4 {[%emt 0:00:43]} 38. Rxc5 {[%emt 0:00:05]} Ra2 {[%emt 0:00:10]} 39. Bb2 {[%emt 0:00:14]} 1-0

[Event "ROU-chT Men Superliga 2018"]
[Site "Sovata"]
[Date "2018.11.27"]
[Round "4"]
[White "Macovei, Andrei"]
[Black "Shevchenko, Kirill"]
[Result "1-0"]
[WhiteElo "2369"]
[BlackElo "2549"]
[Annotator "TA"]
[PlyCount "138"]
[EventDate "2018.11.24"]
[EventType "team-tourn"]
[EventCountry "ROU"]
[SourceTitle "playchess.com"]
[Source "ChessBase"]
[SourceQuality "1"]

{[%evp 13,138,16,18,24,32,24,24,20,16,18,31,-13,-16,-15,-21,-26,0,-21,-20,-15,0,16,48,46,44,17,36,39,52,58,60,53,124,127,131,131,104,96,266,242,242,230,244,258,281,270,518,288,277,184,448,149,149,0,0,0,35,0,0,8,35,35,35,35,58,32,36,33,31,36,42,42,43,43,78,79,52,51,128,101,110,108,195,195,362,362,289,203,433,418,345,306,280,0,0,8,5318,4405,29963,29963,29971,29974,29974,29975,29975,29976,29976,29977,29977,29978,29980,29981,29981,29982,29983,29984,29984,29985,29985,29986,29986,29986,29985,29986,29986,29987,29985]} 1. e4 e5 2. Nf3 Nc6 3. Bb5 a6 4. Ba4 b5 5. Bb3 g6 6. c3 {[%cal Bc2c3,Bc3d4,Bd4d5][%mdl 32] C70: Ruy Lopez: 3...a6 4 Ba4, Norwegian and Delayed Schliemann} Bg7 7. d4 exd4 {LiveBook: 8 Games} 8. cxd4 {The position is equal.} Nge7 (8... d6 9. h3 Nf6 10. O-O O-O 11. Re1 Bb7 12. Nbd2 Nb4 13. Nf1 {0-1 (33) Hansen,E (2629)-Anand,V (2771) Batumi 2018}) 9. d5 Na5 10. Bd2 Nxb3 11. Qxb3 c5 12. Bc3 f6 $1 13. a3 d6 14. Nbd2 $146 O-O 15. O-O Bd7 {White should prevent ...a5.} 16. Qc2 Rc8 {Strongly threatening ...b4!} 17. b3 Qb6 18. Rfe1 Rce8 19. Qb2 a5 20. Qc2 f5 21. Bxg7 Kxg7 22. Rad1 h6 (22... Kg8 $14) 23. a4 $16 Kh7 24. axb5 Bxb5 25. e5 Nxd5 $2 (25... dxe5 $16 {is a better defense.} 26. Rxe5 Nc8) 26. Nc4 $1 $18 {[%cal Rc4b6]} Nb4 27. Qc3 Bxc4 28. Rxd6 ({Resist} 28. bxc4 $6 dxe5 29. Nxe5 Qf6 $16) 28... Qc7 {Hoping for ...Bd5.} 29. Qxc4 ({Less strong is} 29. bxc4 Rd8 $16) 29... Re7 $2 (29... Rxe5 30. Red1 (30. Nxe5 Qxd6 31. h3 Kg7 $11) 30... Re7) 30. Red1 Nc6 31. Qh4 ({Stronger than} 31. Qxc5 Nxe5 32. Qxc7 Nxf3+ 33. gxf3 Rxc7 $11) 31... Nd8 $2 {[#]} (31... Nd4) 32. Qa4 $2 (32. e6 $1 $18 {[%mdl 512]} Nxe6 33. Rxe6 $1 {[%mdl 512]}) 32... Nf7 $16 33. h4 ({Better is} 33. Rc6 $16 Rd8 34. Rf1) 33... Nxd6 $11 34. exd6 Qd7 {White must now prevent ...Qxa4.} 35. Qxd7 Rxd7 $14 {[%mdl 4096] Endgame KRR-KRN} 36. Ne5 Rfd8 (36... Rb7 {with more complications.} 37. d7 Rd8 38. f4 Kg7 39. Rd5 Kf6) 37. Nxd7 Rxd7 {KR-KR} 38. Rd5 Kg7 39. Kf1 Kf6 40. Ke2 Ke6 41. Rxc5 Rxd6 42. Rxa5 Rb6 43. Ra3 g5 44. hxg5 hxg5 45. Kd3 Rd6+ (45... Rb4 $14) 46. Kc3 $16 Rc6+ 47. Kb2 Kd5 (47... Rb6 $16) 48. b4 $18 Rh6 $2 (48... Rb6 {might work better.}) 49. Ra5+ Ke4 50. Kc3 g4 $2 (50... Rh1 51. f3+ Kf4) 51. Kc4 Rh1 52. Ra2 Rc1+ {[#]} 53. Kb5 $2 (53. Kb3 $1 $18) 53... f4 $1 $11 54. Ka6 {b5 is the strong threat.} g3 $2 {[%mdl 8192]} (54... Rg1 $11) 55. fxg3 $18 fxg3 56. b5 {[%cal Bb4b5,Bb5b6,Bb6b7][%mdl 32] White mates.} Kd5 57. b6 Kc6 58. b7 Rb1 59. Rc2+ Kd7 60. Ka7 Ra1+ 61. Kb8 Ra3 62. Rd2+ Ke7 63. Rd4 Ra2 64. Kc7 Rc2+ 65. Kb6 Rb2+ 66. Kc6 Ke6 67. Re4+ Kf5 68. Re8 Rc2+ 69. Kd5 Rd2+ {Accuracy: White = 73%, Black = 33%.} 1-0